000 00495nam a2200145 a 4500
001 000033803
005 20200930070530.0
008 110912d1891 dr ac 000 0 spa d
040 _aDO-SdBNP
_bspa
_cBNPHU
082 _axxx
_bS469e
100 1 _aSelvas Zenén, Ático
_959225
245 1 0 _aEpisodios historicos de América :
_bDescubrimiento, conquista, coloniaje e independencia /
_cÁticoSelvas Zenén.
260 _aParís :
_bGarnier Hermanos,
_c1891.
300 _a187 p. :
_bil., retr. ;
_c22 cm.
999 _c33294
_d33294